=LDR 00000nam 2200000 4500 =001 INLIS000000000038271 =005 20130612143938 =008 ***********************************Ind** =035 ##$$0010-061300000038271 =041 ##$$a Ind =082 ##$$a 641.5 =090 ##$$a 641.5, Win m =100 ##$$a Winata, Mary =245 ##$$a Masakan sehat dan lezat minim minyak goreng, Hidangan tahu, telor, sayur, serba tim dan kukus, Mary winata; Editor, Intarina Hardiaman =260 ##$$a 2010 $b Jakarta =300 ##$$a 55 hlm, Ilus, 21 cm =650 ##$$a Masakan Tahu =700 ##$$a Hardiman, Intarina =850 ##$$a NBPNMAT =990 ##$$a 21602638/BPAP-NTB/2017 =990 ##$$a 21602639/BPAP-NTB/2017